National income statistics: sources and methods (Record no. 421229)

000 -LEADER
fixed length control field 00364cam a22001097a 4500
008 - FIXED-LENGTH DATA ELEMENTS--GENERAL INFORMATION
fixed length control field 180718b1956 xxu||||| |||| 00| 0 eng d
082 ## - DEWEY DECIMAL CLASSIFICATION NUMBER
Classification number T1120651 Un3
245 ## - TITLE STATEMENT
Title National income statistics: sources and methods
Statement of responsibility, etc. by Central Statistical Office
260 ## - PUBLICATION, DISTRIBUTION, ETC.
Place of publication, distribution, etc. London
Name of publisher, distributor, etc. Her Majesty's Stationery Office
Date of publication, distribution, etc. 1956
300 ## - PHYSICAL DESCRIPTION
Extent 387p
700 ## - ADDED ENTRY--PERSONAL NAME
Personal name U.K. Central Statistical Office
Holdings
Withdrawn status Lost status Damaged status Not for loan Permanent Location Current Location Date acquired Full call number Barcode Date last seen Price effective from Koha item type
        Indian Institute of Public Administration Indian Institute of Public Administration 2009-07-27 T1120651 Un3 4205 2018-07-21 2018-07-21 Book

Powered by Koha